| 000 | 00818nam a2200301 a 4500 | ||
|---|---|---|---|
| 003 | AR-BaBNM | ||
| 005 | 20251128203047.0 | ||
| 008 | 082120s2002 ||||||||||||||000 | spa|| | ||
| 040 | _cAR-BaBNM | ||
| 100 | 1 | _aFrank K., Mary | |
| 245 | 0 | 0 | _aCómo ayudar a su hijo escolar |
| 250 | _a2ª ed. | ||
| 260 |
_aBuenos Aires _bKapelusz _c1959 |
||
| 300 | _a302 p. | ||
| 490 | 0 |
_aBiblioteca de Cultura Pedagógica _vv. 36 |
|
| 504 | _aBibliografía: p. 303 | ||
| 650 | 4 | _aEDUCACION FAMILIAR | |
| 650 | 4 | _aDESARROLLO DEL NIÑO | |
| 650 | 4 | _aRELACION FAMILIA-ESCUELA | |
| 650 | 4 | _aDESARROLLO DE LA PERSONALIDAD | |
| 650 | 4 | _aDESARROLLO AFECTIVO | |
| 650 | 4 | _aADOLESCENCIA | |
| 650 | 4 | _aAMBIENTE FAMILIAR | |
| 650 | 4 | _aRELACIONES FAMILIARES | |
| 700 | 1 | _aFrank K., Lawrence | |
| 942 | _cBK | ||
| 998 | _cSILVI | ||
| 999 |
_c1706 _d1706 |
||